[Event "SRI-ch (Women)"]
[Site "Colombo"]
[Date "2012.03.25"]
[Round "5"]
[White "Basnayake, IU."]
[Black "Sumithrarachchi, Sayuri"]
[Result "1-0"]
[WhiteElo "1799"]
[BlackElo "1575"]
[PlyCount "57"]
[EventDate "2012.03.23"]
[EventType "tourn"]
[EventRounds "11"]
[EventCountry "SRI"]
[SourceTitle "EXT 2013"]
[Source "ChessBase"]
[SourceDate "2012.11.22"]
[SourceVersion "1"]
[SourceVersionDate "2012.11.22"]
[SourceQuality "1"]

1. d4 Nf6 2. Bf4 g6 3. Nf3 Bg7 4. e3 0-0 5. Be2 d6 6. h3 a6 7. 0-0 Bf5 8. Nbd2 Nc6 9. c4 e6 10. g4 Nxg4 11. hxg4 Bxg4 12. Kg2 e5 13. dxe5 dxe5 14. Bg3 Qd7 15. Rh1 h5 16. Ng5 Bxe2 17. Qxe2 Rfd8 18. Nb3 Qf5 19. Nh3 Rd6 20. Rad1 Rad8 21. f3 Bf6 22. Rxd6 Rxd6 23. Rd1 Nb4 24. Rxd6 cxd6 25. e4 Qe6 26. Nf2 Nxa2 27. Nd1 Nb4 28. Be1 Nc6 29. Nc3 1-0